Mostný tank z Martina

Bibliographic Details
Main Author: Turza, Peter (Author)
Other Authors: Mihálik, Miroslav (Photographer)
Format: Article
Language:Slovak
PhysicalDescription:Fotogr., tab.
ISSN:1336-1910
Subjects:

MARC

LEADER 00000nab a2200000 a 4500
001 vtls010320967
003 SK-MaSNL
005 20260304235128.0
008 250507c2011 xo m||p|| | |000 | slo
015 |a SNBRB2011/10  |2 lmaosk 
035 |a urn:nbn:sk:snk-ab83gf 
035 |a (urnnbn)urn:nbn:sk:snk:ar-0067m4 
035 |a (uuid)12e99572-7d4a-4a3b-a176-367d78f43ea1 
040 |a SNKBUCL  |b slo  |c SNKBUCL  |e AACR2 
041 0 |a slo 
044 |a xo  |c SK 
080 |a 623.438.39  |2 1981 
080 |a 624.21  |2 1981 
100 1 |a Turza, Peter  |4 aut  |9 447980 
245 1 0 |a Mostný tank z Martina  |c Peter Turza ; foto Miroslav Mihálik 
300 |b Fotogr., tab. 
500 |a Obsahuje technické parametre 
610 2 7 |a Vojenské historické múzeum (Piešťany, Slovensko)  |2 lmaosk  |9 262741 
650 0 7 |a tanky mostné  |2 lmaosk  |9 1572300 
650 0 7 |a MT-55 (mostný tank)  |x technické parametre  |2 lmaosk  |9 1572301 
700 1 |a Mihálik, Miroslav  |4 pht  |9 447988 
773 0 |t Obrana  |g Roč. XIX, č. 10 (2011), s. 26  |x 1336-1910 
850 |a Slovenská národná knižnica 
852 |a Slovenská národná knižnica 
954 |a odborná, vedecká literatúra pôvodná (slovenská)  |2 lita 
958 |a article9 
958 |a SK 
958 |a NB 
958 |a OND 
958 |a EUIPO 
999 |c 3207539  |d 3209469